Billboard Hot 100 #1 Hits of 2019 - Statistics

General Stats
  • This quiz has been taken 25 times
  • The average score is 41 of 52
Answer Stats
Issue Date #1 Hit Artist % Correct
March 9 Shallow Lady Gaga & Bradley Cooper
95%
August 24 Bad Guy Billie Eilish
89%
April 13 Old Town Road Lil Nas X ft. Billy Ray Cyrus
89%
April 20 Old Town Road Lil Nas X ft. Billy Ray Cyrus
89%
April 27 Old Town Road Lil Nas X ft. Billy Ray Cyrus
89%
May 4 Old Town Road Lil Nas X ft. Billy Ray Cyrus
89%
May 11 Old Town Road Lil Nas X ft. Billy Ray Cyrus
89%
May 18 Old Town Road Lil Nas X ft. Billy Ray Cyrus
89%
May 25 Old Town Road Lil Nas X ft. Billy Ray Cyrus
89%
June 1 Old Town Road Lil Nas X ft. Billy Ray Cyrus
89%
June 8 Old Town Road Lil Nas X ft. Billy Ray Cyrus
89%
June 15 Old Town Road Lil Nas X ft. Billy Ray Cyrus
89%
June 22 Old Town Road Lil Nas X ft. Billy Ray Cyrus
89%
June 29 Old Town Road Lil Nas X ft. Billy Ray Cyrus
89%
July 6 Old Town Road Lil Nas X ft. Billy Ray Cyrus
89%
July 13 Old Town Road Lil Nas X ft. Billy Ray Cyrus
89%
July 20 Old Town Road Lil Nas X ft. Billy Ray Cyrus
89%
July 27 Old Town Road Lil Nas X ft. Billy Ray Cyrus
89%
August 3 Old Town Road Lil Nas X ft. Billy Ray Cyrus
89%
August 10 Old Town Road Lil Nas X ft. Billy Ray Cyrus
89%
August 17 Old Town Road Lil Nas X ft. Billy Ray Cyrus
89%
August 31 Señorita Shawn Mendes & Camila Cabello
89%
January 5 Thank U, Next Ariana Grande
89%
February 2 7 Rings Ariana Grande
84%
February 9 7 Rings Ariana Grande
84%
February 16 7 Rings Ariana Grande
84%
February 23 7 Rings Ariana Grande
84%
March 2 7 Rings Ariana Grande
84%
March 23 7 Rings Ariana Grande
84%
March 30 7 Rings Ariana Grande
84%
April 6 7 Rings Ariana Grande
84%
December 21 All I Want for Christmas Is You Mariah Carey
84%
December 28 All I Want for Christmas Is You Mariah Carey
84%
January 19 Sunflower Post Malone & Swae Lee
84%
March 16 Sucker Jonas Brothers
79%
November 2 Someone You Loved Lewis Capaldi
74%
November 16 Someone You Loved Lewis Capaldi
74%
November 23 Someone You Loved Lewis Capaldi
74%
September 7 Truth Hurts Lizzo
74%
September 14 Truth Hurts Lizzo
74%
September 21 Truth Hurts Lizzo
74%
September 28 Truth Hurts Lizzo
74%
October 5 Truth Hurts Lizzo
74%
October 12 Truth Hurts Lizzo
74%
October 26 Truth Hurts Lizzo
74%
November 30 Circles Post Malone
58%
December 7 Circles Post Malone
58%
January 12 Without Me Halsey
58%
January 26 Without Me Halsey
58%
November 9 Lose You to Love Me Selena Gomez
47%
October 19 Highest in the Room Travis Scott
37%
December 14 Heartless The Weeknd
21%
No matching quizzes found
Score Distribution
Percent of People with Each Score
Percentile by Number Answered
Your Score History
You have not taken this quiz